Měnová politika ČR před vstupem do EMU
Otázky menovej politiky spojené s očakávaným vstupom ČR do Európskej menovej únie: tempo dezinflácie, kvantifikácia cenovej stability, miera inflácie a vyrovnávanie cenových hladín, zlúčiteľnosť nízkej inflácie, rastu produktivity práce a fixného kurzu.
Salvato in:
| Autore principale: | |
|---|---|
| Natura: | Capitolo di libro |
| Lingua: | ceco |
| Soggetti: | |
| Tags: |
Nessun Tag, puoi essere il primo ad aggiungerne!!
|
MARC
| LEADER | 00000naa a2200000 4500 | ||
|---|---|---|---|
| 001 | r043102 | ||
| 005 | 20231003122446.3 | ||
| 041 | 0 | |a cze | |
| 044 | |a CZ | ||
| 245 | 1 | 0 | |a Měnová politika ČR před vstupem do EMU |c Jiří Jonáš |
| 520 | |a Otázky menovej politiky spojené s očakávaným vstupom ČR do Európskej menovej únie: tempo dezinflácie, kvantifikácia cenovej stability, miera inflácie a vyrovnávanie cenových hladín, zlúčiteľnosť nízkej inflácie, rastu produktivity práce a fixného kurzu. | ||
| 610 | 2 | 0 | |a politika menová |
| 610 | 2 | 0 | |a Česko |
| 610 | 2 | 0 | |a Európska menová únia |
| 610 | 2 | 0 | |a inflácia |
| 610 | 2 | 0 | |a dezinflácia |
| 610 | 2 | 0 | |a stabilita cien |
| 610 | 2 | 0 | |a miera inflácie |
| 610 | 2 | 0 | |a hladina cenová |
| 610 | 2 | 0 | |a rast produktivity práce |
| 610 | 2 | 0 | |a kurz výmenný pevný |
| 100 | 1 | |a Jonáš, Jiří | |